000
00308nam a22001217a 4500
999
_c
5070
_d
5070
008
250516b ||||| |||| 00| 0 eng d
020
_a
9781502621429
082
_a
944 KLE
100
_a
KLEPEIS,ALICIA Z
_e
AUTHOR
245
_a
FRANCE
260
_a
NEW YORK
_b
CAVENDISH SQUARE PUBLISHING LLC
_c
2017
942
_2
ddc